Korban syaitan

Bibliographic Details
Main Author: Saad Ismail Syalabiy
Format: Book
Published: Cairo : Dar Al-FIkir Al-Arabi , 1993
Series:Siri pendidikan Al Quran untuk kanak-kanak
Subjects:

MARC

LEADER 00000cam a2200000 7i4500
001 0000007778
002 000008348
005 20011116.0
020 |a 9836235744 
090 0 0 |a 297.122   |b SYA 
100 0 |a Saad Ismail Syalabiy 
245 1 0 |a Korban syaitan   |c Saad Ismail Syalabiy 
260 |a Cairo :   |b Dar Al-FIkir Al-Arabi ,   |c 1993 
300 |a 25p. :   |b ill. ;   |c 23cm. 
490 0 |a Siri pendidikan Al Quran untuk kanak-kanak 
650 0 0 |a Quran stories, Malay 
999 |a 039956   |b BUKU   |c PINJAMAN   |e PERPUSTAKAAN KOMUNITI PETALING JAYA 
999 |a 039957   |b BUKU   |c PINJAMAN   |e PERPUSTAKAAN KOMUNITI PETALING JAYA